| 000 | 00708nam a2200253Ia 4500 | ||
|---|---|---|---|
| 003 | OSt | ||
| 005 | 20221006143336.0 | ||
| 006 | a|||||r|||| 00| 0 | ||
| 007 | ta | ||
| 008 | 221006b |||||||| |||| 00| 0 eng d | ||
| 020 |
_c _7.50(each) |
||
| 024 | _a8,707 | ||
| 037 | _cTextual | ||
| 040 |
_aEASL _cEASL _beng |
||
| 041 |
_2eng _aeng |
||
| 082 | _aWv42.M5, K4-;1 | ||
| 100 | _aEARL David Magarey | ||
| 245 | 0 |
_aEmperor and nation in Japan _b Political thinkers of the Tokugawa period |
|
| 260 |
_aSeattle _bUniversity of Washington Press _c1964 |
||
| 300 |
_a270p. _ccm. |
||
| 490 | _v RS | ||
| 942 |
_hWv42.M5, K4-;1 _cTEXL _2CC |
||
| 999 |
_c1076793 _d1076793 |
||